History today : (Record no. 37888)

MARC details
000 -LEADER
fixed length control field 01132nam a22003497a 4500
005 - DATE AND TIME OF LATEST TRANSACTION
control field 2010072709139.0
006 - FIXED-LENGTH DATA ELEMENTS--ADDITIONAL MATERIAL CHARACTERISTICS--GENERAL INFORMATION
fixed length control field a|||||r|||||00| 0
007 - PHYSICAL DESCRIPTION FIXED FIELD--GENERAL INFORMATION
fixed length control field ta
008 - FIXED-LENGTH DATA ELEMENTS--GENERAL INFORMATION
fixed length control field 020415c20009999ii ar p| 00| 0 eng
024 ## - OTHER STANDARD IDENTIFIER
Standard number or code 8124604304
024 ## - OTHER STANDARD IDENTIFIER
Standard number or code 8124604517
035 ## - SYSTEM CONTROL NUMBER
System control number
040 ## - CATALOGING SOURCE
Original cataloging agency MH
Transcribing agency MH
Modifying agency OCoLC
-- DLC
042 ## - AUTHENTICATION CODE
Authentication code lc
043 ## - GEOGRAPHIC AREA CODE
Geographic area code a-ii---
050 00 - LIBRARY OF CONGRESS CALL NUMBER
Classification number DS401
Item number .H578
130 0# - MAIN ENTRY--UNIFORM TITLE
Uniform title History today (Indian History and Culture Society)
9 (RLIN) 1718
245 00 - TITLE STATEMENT
Title History today :
Remainder of title journal of the Indian History and Culture Society.
260 ## - PUBLICATION, DISTRIBUTION, ETC. (IMPRINT)
Place of publication, distribution, etc New Delhi :
Name of publisher, distributor, etc Indian History and Culture Society,
Date of publication, distribution, etc 2000-
260 ## - PUBLICATION, DISTRIBUTION, ETC. (IMPRINT)
Place of publication, distribution, etc New Delhi
Name of publisher, distributor, etc D.K. Printworld
Date of publication, distribution, etc 2000-
300 ## - PHYSICAL DESCRIPTION
Extent v.
Dimensions 28 cm (Pbk)
310 ## - CURRENT PUBLICATION FREQUENCY
Current publication frequency Annual
362 0# - DATES OF PUBLICATION AND/OR SEQUENTIAL DESIGNATION
Dates of publication and/or sequential designation No. 1 (2000)-
650 ## - SUBJECT ADDED ENTRY--TOPICAL TERM
Topical term or geographic name as entry element History
Geographic subdivision India
9 (RLIN) 1719
651 #0 - SUBJECT ADDED ENTRY--GEOGRAPHIC NAME
Geographic name India
General subdivision History
Form subdivision Periodicals.
9 (RLIN) 1720
710 2# - ADDED ENTRY--CORPORATE NAME
Corporate name or jurisdiction name as entry element Indian History and Culture Society.
9 (RLIN) 1721
906 ## - LOCAL DATA ELEMENT F, LDF (RLIN)
a 7
b cbc
c serials
d 3
e ncip
f 20
g n-oclcserc
936 ## - OCLC/CONSER MISCELLANEOUS DATA (OCLC); PIECE USED FOR CATALOGING (pre-AACR2) (RLIN)
OCLC control number(s) of parallel record(s) (OCLC); Piece used for cataloging, PUC (RLIN) Converted from ELvl 4 (OCLC)
942 ## - ADDED ENTRY ELEMENTS (KOHA)
Source of classification or shelving scheme Dewey Decimal Classification
Item type English Books
Classification part 954
Call number suffix HIS
Serial record 1
Holdings
Withdrawn status Lost status Source of classification or shelving scheme Damaged status Not for loan Home library Current library Date acquired Cost, normal purchase price Total Checkouts Full call number Date last seen Copy number Price effective from Koha item type
    Dewey Decimal Classification   Not For Loan D.B.Act.Division D.B.Act.Division 27/07/2010 350.00   954 HIS 27/07/2010 1 27/07/2010 Periodicals

© Delhi Public Library
Hit Counter
free hit counter